Central Library OPAC University of Rajshahi
Normal view MARC view

Entry Topical Term

Number of records used in: 2

001 - CONTROL NUMBER

  • control field: 9949

003 - CONTROL NUMBER IDENTIFIER

  • control field: BD-RjUL

005 - DATE AND TIME OF LATEST TRANSACTION

  • control field: 20231106150000.0

008 - FIXED-LENGTH DATA ELEMENTS

  • fixed length control field: 231106|| aca||aabn | a|a d

040 ## - CATALOGING SOURCE

  • Original cataloging agency: BD-RjUL
  • Transcribing agency: BD-RjUL

150 ## - HEADING--TOPICAL TERM

  • Topical term or geographic name entry element: Colonial Architecture
  • Form subdivision: 1765-1947
  • Geographic subdivision: Jashore District

670 ## - SOURCE DATA FOUND

  • Source citation: Work cat.: (BD-RjUL)82256: হোসেন, মো. সাফায়েত 9947, বাংলার ঔপনিবেশিক স্হাপত্য :, ২০২২